Statistics for UEFA Champions League 2020-21 Quarter Finals Starting XI

Click here to take the quiz!

General Stats

  • This quiz has been taken 325 times
  • The average score is 69 of 88

Answer Stats

TeamPlayer% Correct
Bayern MunichManuel Neuer
100%
Bayern MunichDavid Alaba
98%
Paris Saint-GermainKeylor Navas
98%
Paris Saint-GermainKylian Mbappé
98%
Real MadridThibaut Courtois
98%
Real MadridÉder Militão
97%
LiverpoolAlisson
96%
Real MadridLuka Modrić
96%
Paris Saint-GermainNeymar
96%
LiverpoolSadio Mané
96%
Real MadridToni Kroos
96%
LiverpoolAndrew Robertson
95%
Manchester CityEderson
95%
ChelseaÉdouard Mendy
95%
Real MadridFerland Mendy
95%
Real MadridKarim Benzema
95%
LiverpoolMohamed Salah
95%
Bayern MunichThomas Müller
95%
LiverpoolTrent Alexander-Arnold
95%
Real MadridVinícius Júnior
95%
Real MadridCasemiro
94%
Manchester CityKevin De Bruyne
94%
Manchester CityRiyad Mahrez
94%
Borussia DortmundErling Braut Haaland
93%
Manchester CityIlkay Gündogan
93%
Bayern MunichJoshua Kimmich
93%
Paris Saint-GermainMarquinhos
93%
ChelseaTimo Werner
93%
ChelseaAntonio Rüdiger
92%
Bayern MunichBenjamin Pavard
92%
Manchester CityBernardo Silva
92%
Borussia DortmundEmre Can
92%
Manchester CityJohn Stones
92%
ChelseaJorginho
92%
ChelseaKai Havertz
92%
Bayern MunichKingsley Coman
92%
Manchester CityKyle Walker
92%
ChelseaMateo Kovačić
92%
Manchester CityRúben Dias
92%
ChelseaCésar Azpilicueta
91%
LiverpoolDiogo Jota
91%
LiverpoolFabinho
91%
LiverpoolGeorginio Wijnaldum
91%
Manchester CityJoão Cancelo
91%
ChelseaAndreas Christensen
90%
Paris Saint-GermainÁngel Di María
90%
Paris Saint-GermainPresnel Kimpembe
90%
Manchester CityRodri
90%
Bayern MunichLeon Goretzka
89%
Bayern MunichLucas Hernandez
89%
LiverpoolNaby Keïta
89%
Bayern MunichEric Maxim Choupo-Moting
88%
Paris Saint-GermainIdrissa Gueye
88%
Paris Saint-GermainJulian Draxler
88%
ChelseaMason Mount
88%
Manchester CityPhil Foden
88%
Borussia DortmundMarco Reus
87%
Bayern MunichNiklas Süle
87%
Borussia DortmundJude Bellingham
85%
Real MadridMarco Asensio
85%
Bayern MunichLeroy Sané
83%
Real MadridNacho
83%
Borussia DortmundMats Hummels
79%
PortoLuis Díaz
78%
Borussia DortmundRaphaël Guerreiro
78%
Paris Saint-GermainDanilo Pereira
75%
Borussia DortmundManuel Akanji
75%
ChelseaReece James
72%
ChelseaBen Chilwell
63%
Real MadridLucas Vázquez
63%
LiverpoolOzan Kabak
59%
PortoPepe
59%
Paris Saint-GermainAbdou Diallo
56%
LiverpoolNathaniel Phillips
52%
Borussia DortmundMarwin Hitz
49%
PortoMoussa Marega
40%
PortoChancel Mbemba
38%
PortoAgustín Marchesín
35%
PortoJesús Corona
35%
PortoMateus Uribe
33%
Paris Saint-GermainColin Dagba
32%
Borussia DortmundMahmoud Dahoud
31%
PortoOtávio
30%
Borussia DortmundMateu Morey
25%
PortoMarko Grujić
23%
PortoZaidu Sanusi
23%
PortoWilson Manafá
14%
Borussia DortmundAnsgar Knauff
6%

Score Distribution

Percentile by Number Answered

Percent of People with Each Score

Your Score History

You have not taken this quiz